LIBRARY & INFORMATION CENTRE, KCAET, TAVANUR

ONLINE PUBLIC ACCESS CATALOGUE (OPAC)

Tale of Two Cities / (Record no. 994)

MARC details
000 -LEADER
fixed length control field 00392cam a2200157ua 4500
041 ## - LANGUAGE CODE
Language code of text/sound track or separate title eng
082 ## - DEWEY DECIMAL CLASSIFICATION NUMBER
Classification number 823.308
Item number DIC/TA
100 ## - MAIN ENTRY--AUTHOR NAME
Personal name Dickens, Charles .
245 ## - TITLE STATEMENT
Title Tale of Two Cities /
260 ## - PUBLICATION, DISTRIBUTION, ETC. (IMPRINT)
Place of publication Madrass :
Name of publisher Oxford University Press ,
Year of publication 1972.
300 ## - PHYSICAL DESCRIPTION
Number of Pages 112 ; .
942 ## - ADDED ENTRY ELEMENTS (KOHA)
Koha item type Books
Holdings
Withdrawn status Lost status Damaged status Home library Current library Date acquired Full call number Accession Number Koha item type Cost, normal purchase price
      KAUAET KAUAET 07/04/2012 823.308 13285 Books  
      KAUAET KAUAET 13/11/2023 823.308 DIC/TA 13284 Books 2.50
Withdrawn     KAUAET Malayalam University 07/04/2012 823.308 11037 Books  
free website counter